Countries with the highest migrant rate - Statistics

General Stats
  • This quiz has been taken 27 times
  • The average score is 5 of 10
Answer Stats
Rate Country % Correct
12.4 United Arab Emirates
93%
22.4 Qatar
89%
13.1 Bahrain
78%
14.0 Singapore
67%
17.2 Luxembourg
52%
8.0 San Marino
41%
8.3 Spain
33%
9.5 Cyprus
26%
7.8 Libya
11%
11.5 South Sudan
7%
No matching quizzes found
Score Distribution
Percent of People with Each Score
Percentile by Number Answered
Your Score History
You have not taken this quiz